MARC

LEADER 00000nas a2200000 a 4500
001 ssj0016493
003 WaSeSS
005 20200512172242.0
006 m d
007 cr n
008 031203c19789999xxkmr pss 0 a0eng d
010 |a  2004215430 
015 |a GBB7C3033  |2 bnb 
016 7 |a 018119839  |2 Uk 
022 |a 1550-9109  |l 0161-8105  |y 0161-8105 
035 |a (WaSeSS)ssj0016493 
037 |b Associated Professional Sleep Societies, One Westbrook Corporate Center, Ste. 920, Westchester, IL 60154 
040 |a DRB  |b eng  |c DRB  |d OCLCQ  |d NSD  |d OCL  |d OCLCS  |d OCLCQ  |d COU  |d OCLCQ  |d NSD  |d CUS  |d LGG  |d OCLCQ  |d COD  |d OCLCQ  |d OCLCF  |d OCLCO  |d VT2  |d EUW  |d OCLCQ  |d CUS  |d SCB  |d OCLCO  |d OCLCA  |d UAB  |d OCLCO  |d TXA  |d UKOUP  |d DLC  |d NLE  |d BUF  |d OCLCO  |d CUY  |d OCLCO  |d AU@  |d OCLCO  |d WYU  |d OCLCO  |d UKMGB  |d OCLCO  |d TOH  |d WaSeSS 
042 |a msc 
050 1 4 |a QP425  |b .S65 
082 1 0 |a 612.8  |2 13 
130 0 |a Sleep (New York, N.Y.) 
210 0 |a Sleep  |b (N.Y.N.Y. Online) 
222 0 |a Sleep  |b (New York, N.Y. Online) 
245 1 0 |a Sleep  |h [electronic resource]. 
246 1 |a Journal sleep 
260 |3 Vol. 1-<13> :  |a New York, NY :  |b Raven Press 
260 2 |3 <Vol. 27-> :  |a [Westchester, Ill.] :  |b [Associated Professional Sleep Societies] 
260 3 |3 <Vol. 40-> :  |a [Oxford] :  |b Oxford University Press 
310 |a Twelve no. a year,  |b <2007-> 
321 |a Eight no. a year,  |b <2004-> 
321 |a Frequency varies,  |b 1978-<1999> 
362 1 |a Print began with: Vol. 1, No. 1 (September 1978). 
506 |a License restrictions may limit access. 
525 |a Has supplements, which include <1998-> abstracts from the annual meeting of the Associated Professional Sleep Societies; some supplements on CD-ROM, 2010- 
538 |a Mode of access: World Wide Web. 
550 |a Sponsored jointly by: Association for the Psychophysiological Study of Sleep; European Society for Sleep Research (i.e. European Sleep Research Society); Association of Sleep Disorders Centers, 1978- ; by: Association of Professional Sleep Societies, European Sleep Research Society, Latin American Sleep Research Society, and Japanese Sleep Research Society, -1990; by: American Sleep Disorders Association, European Sleep Research Society, Latin American Sleep Research Society, and Japanese Sleep Research Society, 1991-1997; by: American Sleep Disorders Association and Sleep Research Society, 1998-<1999>; by: Associated Professional Sleep Societies, <2004-> 
588 |a Description based on: Vol. 27, issue 4 (June 15, 2004); title from HTML title screen (viewed June 18, 2004). 
588 |a Latest issue consulted: Vol. 40, No. 7 (2017) (Oxford University Press, viewed September 5, 2017). 
650 0 |a Sleep  |x Physiological aspects  |v Periodicals. 
650 0 |a Sleep disorders  |v Periodicals. 
650 6 |a Sommeil  |x Aspect physiologique  |v Périodiques. 
650 6 |a Sommeil, Troubles du  |v Périodiques. 
650 7 |a Sleep disorders.  |2 fast  |0 (OCoLC)fst01120844 
650 7 |a Sleep  |x Physiological aspects.  |2 fast  |0 (OCoLC)fst01120824 
650 2 |a Sleep  |x physiological aspects. 
650 2 |a Sleep Wake Disorders. 
650 2 |a Psychophysiology. 
655 0 |a Electronic journals. 
710 2 |a American Sleep Disorders Association. 
710 2 |a Associated Professional Sleep Societies. 
710 2 |a Associated Professional Sleep Societies.  |b Meeting. 
710 2 |a Association for the Psychophysiological Study of Sleep. 
710 2 |a European Sleep Research Society. 
710 2 |a Sleep Research Society. 
710 2 |a American Academy of Sleep Medicine. 
710 2 |a Association of Professional Sleep Societies. 
710 2 |a Latin American Sleep Research Society. 
710 2 |a Japanese Sleep Research Society. 
776 0 8 |i Print version, 1978-2010:  |t Sleep (New York, N.Y.)  |x 0161-8105  |w (DLC) 79642696  |w (OCoLC)4024329 
856 4 0 |z Full text available from Research Library: 10/01/2016 to 1 year ago  |u https://search.proquest.com/publication/2046369